[Event "Sparkassen-Open A"]
[Site "Heusenstamm, Martinsee"]
[Date "2022.11.19"]
[Round "4.1"]
[White "Player, Edmund"]
[Black "Safarli, Eltaj"]
[Result "0-1"]
[WhiteElo "2212"]
[BlackElo "2616"]
[PlyCount "66"]
[EventDate "2022.??.??"]
[WhiteTeam "FC Bayern München"]
[BlackTeam "vereinslos"]

1. e4 c5 2. Nf3 Nc6 3. Bb5 e6 4. Bxc6 bxc6 5. d3 Ne7 6. Qe2 d6 7. O-O e5 8. c3
Ba6 9. Rd1 Ng6 10. Qc2 Be7 11. d4 Qc7 12. dxc5 dxc5 13. Be3 O-O 14. Nbd2 Bc8
15. Qa4 Rb8 16. Rab1 Be6 17. b4 Nf4 18. Bxf4 exf4 19. bxc5 Bxc5 20. Nd4 Bg4 21.
Rdc1 Rbc8 22. h3 Bh5 23. Re1 Rfe8 24. N2b3 Bb6 25. c4 c5 26. Nb5 Qe5 27. f3
Rcd8 28. Rbd1 Bxf3 29. Rxd8 Rxd8 30. gxf3 Qg5+ 31. Kf1 Qg3 32. N3d4 cxd4 33.
Qc2 Qxf3+ 0-1

[Event "Sparkassen-Open A"]
[Site "Heusenstamm, Martinsee"]
[Date "2022.11.19"]
[Round "4.2"]
[White "Wolf, Ulrich Martin"]
[Black "Korneev, Oleg"]
[Result "0-1"]
[WhiteElo "2182"]
[BlackElo "2470"]
[PlyCount "120"]
[EventDate "2022.??.??"]
[WhiteTeam "SK Bad Homburg 1927"]
[BlackTeam "vereinslos"]

1. d4 d5 2. Nf3 Nf6 3. c4 c6 4. Nc3 e6 5. e3 Nbd7 6. Qc2 Bd6 7. Bd2 O-O 8. Bd3
dxc4 9. Bxc4 e5 10. dxe5 Nxe5 11. Nxe5 Bxe5 12. h3 Qe7 13. O-O-O Be6 14. Bxe6
Qxe6 15. Kb1 Rad8 16. Bc1 Bxc3 17. bxc3 h6 18. f3 Nd5 19. e4 Nb6 20. Qb3 Nc4
21. Rd4 b5 22. Rhd1 Qe7 23. R1d3 Rxd4 24. Rxd4 f5 25. exf5 Rxf5 26. Qd1 Rf8 27.
Rd7 Qf6 28. Rd4 a5 29. Qd3 a4 30. Rf4 Qe6 31. Re4 Qg6 32. Qc2 Re8 33. Rxe8+
Qxe8 34. Qf5 Nd6 35. Qc5 Qg6+ 36. Ka1 Qc2 37. Qe3 Nc4 38. Qe8+ Kh7 39. Qe4+
Qxe4 40. fxe4 Kg6 41. Bf4 Kf6 42. Kb1 g5 43. Bc7 Ke6 44. Kc1 Nd6 45. Kc2 Nxe4
46. Kd3 Kd5 47. Bd8 Nc5+ 48. Ke3 Ne6 49. Bf6 c5 50. g3 b4 51. cxb4 cxb4 52. h4
gxh4 53. gxh4 h5 54. Kd3 Nc5+ 55. Kc2 Kc4 56. Bg7 Ne4 57. Kb2 Nd6 58. Bf6 Kd3
59. Be7 Nf5 60. Bxb4 Nxh4 0-1

[Event "Sparkassen-Open A"]
[Site "Heusenstamm, Martinsee"]
[Date "2022.11.19"]
[Round "4.3"]
[White "Gahan, M G."]
[Black "Laux, Dominik"]
[Result "1/2-1/2"]
[WhiteElo "2228"]
[BlackElo "2280"]
[PlyCount "75"]
[EventDate "2022.??.??"]
[WhiteTeam "vereinslos"]
[BlackTeam "SV 1920 Hofheim"]

1. e4 c5 2. Nf3 Nc6 3. c3 Nf6 4. e5 Nd5 5. d4 cxd4 6. cxd4 d6 7. Bc4 Nb6 8. Bb5
dxe5 9. Nxe5 Bd7 10. Nxd7 Qxd7 11. Nc3 e6 12. O-O Rd8 13. Be3 Be7 14. Qg4 O-O
15. Rfd1 f5 16. Qg3 Nd5 17. Nxd5 Qxd5 18. Ba4 Rf6 19. Bb3 Qe4 20. Qf4 Qxf4 21.
Bxf4 Nxd4 22. Bc7 Rc8 23. Be5 Nxb3 24. Bxf6 Nxa1 25. Bxe7 Nc2 26. Rd7 Nd4 27.
h4 Nc6 28. Rxb7 Nxe7 29. Rxe7 Rc1+ 30. Kh2 Rc2 31. Kg3 Rxb2 32. Rxa7 e5 33. a4
f4+ 34. Kf3 e4+ 35. Kxe4 Rxf2 36. Rb7 Rxg2 37. Kxf4 h5 38. a5 1/2-1/2

[Event "Sparkassen-Open A"]
[Site "Heusenstamm, Martinsee"]
[Date "2022.11.19"]
[Round "4.4"]
[White "Jakel, Wolfgang"]
[Black "Besou, Hussain"]
[Result "0-1"]
[WhiteElo "2267"]
[BlackElo "2106"]
[PlyCount "80"]
[EventDate "2022.??.??"]
[WhiteTeam "VSG 1880 Offenbach"]
[BlackTeam "LSV Turm Lippstadt"]

1. e4 c6 2. d3 d5 3. Nd2 g6 4. Ngf3 Bg7 5. g3 e5 6. Bg2 Ne7 7. O-O O-O 8. Re1
d4 9. Nb3 Qd6 10. c3 c5 11. Qc2 Nbc6 12. Nfd2 b6 13. Nc4 Qd8 14. f4 Be6 15.
cxd4 cxd4 16. Qf2 Rc8 17. Bd2 Qd7 18. Rac1 f6 19. Bf3 Rc7 20. Qg2 Bh3 21. Qe2
Be6 22. g4 exf4 23. Bxf4 Ne5 24. Nxe5 fxe5 25. Rxc7 Qxc7 26. Rc1 Qd7 27. Bd2 a5
28. Na1 Bxa2 29. b3 a4 30. bxa4 Qxa4 31. Rc7 Be6 32. Qd1 Qe8 33. Bb4 Rf7 34.
Qc1 Nc8 35. Bd1 Bh6 36. Rxc8 Qxc8 37. Qxh6 Qa6 38. Qc1 Qxd3 39. Bc2 Qf3 40. Qe1
Bc4 0-1

[Event "Sparkassen-Open A"]
[Site "Heusenstamm, Martinsee"]
[Date "2022.11.19"]
[Round "4.5"]
[White "Milov, Leonid"]
[Black "Nemitz, Alfred"]
[Result "0-1"]
[WhiteElo "2433"]
[BlackElo "1802"]
[PlyCount "108"]
[EventDate "2022.??.??"]
[WhiteTeam "SC Noris-Tarrasch Nürnberg"]
[BlackTeam "USV Potsdam"]

1. e4 e5 2. Nf3 Nc6 3. Bb5 a6 4. Ba4 Nf6 5. O-O Be7 6. Re1 b5 7. Bb3 d6 8. c3
O-O 9. d4 Bg4 10. Be3 exd4 11. cxd4 Na5 12. Bc2 Nc4 13. Bc1 c5 14. b3 Na5 15.
d5 Nd7 16. Nbd2 Bf6 17. Rb1 c4 18. b4 c3 19. Nf1 Nc4 20. h3 Bxf3 21. Qxf3 a5
22. a3 Rc8 23. Qd3 g6 24. f4 Qb6+ 25. Kh2 Nb2 26. Qg3 axb4 27. axb4 Qd4 28. Ne3
Qxb4 29. Ng4 Bg7 30. e5 Qd4 31. Qh4 Qxd5 32. Nf6+ Nxf6 33. exf6 Bh8 34. f5 Rfe8
35. Bg5 Nd3 36. fxg6 hxg6 37. Bb3 Qb7 38. Qh6 d5 39. Rxe8+ Rxe8 40. Rd1 Qc7+
41. Kg1 Qc5+ 42. Kh2 Qd6+ 43. Kg1 Re1+ 44. Rxe1 Nxe1 45. Qh4 Qe5 46. Bxd5 c2
47. Bxf7+ Kxf7 48. Qh7+ Ke6 49. Qxh8 Nf3+ 50. gxf3 Qxg5+ 51. Kf2 c1=Q 52. Qe8+
Kxf6 53. Qd8+ Kg7 54. Qd4+ Kh7 0-1

[Event "Sparkassen-Open A"]
[Site "Heusenstamm, Martinsee"]
[Date "2022.11.19"]
[Round "4.6"]
[White "Dgebuadze, Alexandre"]
[Black "Hinrichs, Paul"]
[Result "1-0"]
[WhiteElo "2420"]
[BlackElo "2172"]
[PlyCount "61"]
[EventDate "2022.??.??"]
[WhiteTeam "SC Remagen-Sinzig"]
[BlackTeam "Sfr.Heidesheim"]

1. c4 c6 2. Nf3 d5 3. e3 Nf6 4. Nc3 e6 5. b3 Nbd7 6. Bb2 Bd6 7. Qc2 O-O 8. Be2
a6 9. g4 Nxg4 10. Rg1 f5 11. O-O-O Ndf6 12. Rg2 e5 13. h3 Nh6 14. Rdg1 Rf7 15.
c5 Bc7 16. Ng5 Rf8 17. f4 e4 18. Nxh7 Kxh7 19. Rxg7+ Kh8 20. Na4 Be6 21. Bd4
Nhg8 22. Qc3 Rc8 23. d3 Ba5 24. b4 Rc7 25. R7g6 Bxb4 26. Qxb4 Rh7 27. dxe4 Rxh3
28. exd5 Qxd5 29. Qxb7 Bf7 30. Rxf6 Nxf6 31. Qe7 1-0

[Event "Sparkassen-Open A"]
[Site "Heusenstamm, Martinsee"]
[Date "2022.11.19"]
[Round "4.7"]
[White "Papadopoulos, Ioannis"]
[Black "Hahn, Markus"]
[Result "1/2-1/2"]
[WhiteElo "2114"]
[BlackElo "2303"]
[PlyCount "120"]
[EventDate "2022.??.??"]
[WhiteTeam "SV Oberursel"]
[BlackTeam "SVG CAISSA Kassel"]

1. e4 c5 2. Nf3 e6 3. d4 cxd4 4. Nxd4 a6 5. Bd3 Nf6 6. O-O Qc7 7. Qe2 d6 8. f4
Nbd7 9. c4 b6 10. Nc3 Bb7 11. Bd2 Be7 12. Rae1 O-O 13. Kh1 Rfe8 14. Nf3 g6 15.
e5 Nh5 16. Be4 Rad8 17. Bxb7 Qxb7 18. f5 gxf5 19. Ng5 Ng7 20. exd6 Bxd6 21. Nh3
Nf8 22. Bh6 Ng6 23. Nf4 Qe7 24. Rf3 Qh4 25. Rh3 Nxf4 26. Rxh4 Nxe2 27. Rxe2 Be7
28. Rh3 Bf6 29. Kg1 Rd4 30. b3 Red8 31. Kf1 Rd3 32. Ree3 Rxe3 33. Rxe3 Ne8 34.
Ke2 Bg7 35. Bf4 Kf8 36. Rd3 Ke7 37. Be3 Rb8 38. Na4 b5 39. cxb5 axb5 40. Nb6
Nd6 41. Bc5 Be5 42. a4 Kd8 43. Bxd6 Bxd6 44. Rxd6+ Kc7 45. Rd7+ Kxb6 46. Rxf7
bxa4 47. bxa4 Kc5 48. Rxh7 Rb4 49. a5 Ra4 50. Ra7 Kd5 51. h3 e5 52. Ra8 Ra2+
53. Kf1 Ke4 54. a6 Ke3 55. Kg1 e4 56. a7 Ra1+ 57. Kh2 Kf4 58. h4 e3 59. h5 e2
60. Re8 Rxa7 1/2-1/2

[Event "Sparkassen-Open A"]
[Site "Heusenstamm, Martinsee"]
[Date "2022.11.19"]
[Round "4.8"]
[White "Eilers, Stefan"]
[Black "Foerster-Yialamas, Lucas"]
[Result "1-0"]
[WhiteElo "2292"]
[BlackElo "2125"]
[PlyCount "109"]
[EventDate "2022.??.??"]
[WhiteTeam "SG Dietzenbach"]
[BlackTeam "Frankfurter TV 1860"]

1. d4 d5 2. Bf4 Nf6 3. e3 e6 4. Nf3 Bd6 5. Ne5 a6 6. Nd2 c5 7. c3 Qe7 8. Bd3
O-O 9. Qf3 cxd4 10. exd4 Nfd7 11. Qg3 Bxe5 12. dxe5 f6 13. Nf3 Nc6 14. exf6
Qxf6 15. Bg5 Qf7 16. Be3 Nf6 17. O-O Re8 18. Bd4 Nxd4 19. cxd4 Bd7 20. Rfe1 Bb5
21. Bc2 Rac8 22. Rac1 Qe7 23. a3 Ne4 24. Qf4 Rf8 25. Qe3 Bc6 26. Bd3 Qf6 27.
Rc2 Qf4 28. Rec1 Qxe3 29. fxe3 Nd6 30. Bxa6 bxa6 31. Rxc6 Rxc6 32. Rxc6 Nc4 33.
b3 Nxa3 34. Rxa6 Nc2 35. Rxe6 Rb8 36. Nd2 Na1 37. Kf2 Nxb3 38. Nxb3 Rxb3 39.
Re5 Rb5 40. Kf3 Kf7 41. h4 Kf6 42. g4 h6 43. Kf4 Ra5 44. g5+ hxg5+ 45. hxg5+
Kg6 46. e4 Ra1 47. exd5 Ra8 48. Re6+ Kf7 49. g6+ Kf8 50. d6 Ra4 51. Ke5 Ra5+
52. d5 Ra7 53. Re7 Ra6 54. Rf7+ Kg8 55. Rc7 1-0

[Event "Sparkassen-Open A"]
[Site "Heusenstamm, Martinsee"]
[Date "2022.11.19"]
[Round "4.9"]
[White "Neininger, Ralph"]
[Black "Neukirchner, Pascal"]
[Result "0-1"]
[WhiteElo "2123"]
[BlackElo "2288"]
[PlyCount "110"]
[EventDate "2022.??.??"]
[WhiteTeam "SV Oberursel"]
[BlackTeam "SK Gründau"]

1. d4 Nf6 2. c4 c5 3. d5 b5 4. cxb5 a6 5. e3 g6 6. Nc3 Bg7 7. e4 O-O 8. a4 Bb7
9. Bg5 h6 10. Bxf6 Bxf6 11. Nf3 Qa5 12. Ra3 axb5 13. Bxb5 Bxc3+ 14. Rxc3 Ba6
15. O-O d6 16. Qc1 Kg7 17. Bxa6 Qxa6 18. b3 Nd7 19. Qe3 Qb7 20. Nd2 Nb6 21. Nc4
Nxc4 22. Rxc4 Rfb8 23. Rc3 Qd7 24. Rc4 Ra7 25. Rd1 Rab7 26. Rd3 Rb4 27. Rdc3
R4b6 28. Rd3 Qb7 29. Rcc3 Rb4 30. f3 f6 31. h3 Qa6 32. Kh2 g5 33. f4 Qc8 34.
Qf3 Qe8 35. Re3 Qg6 36. f5 Qe8 37. Qe2 h5 38. Qc2 h4 39. Qe2 Kh6 40. Qg4 Rd4
41. Rcd3 Rxd3 42. Rxd3 c4 43. bxc4 Qxa4 44. Rd1 Qxc4 45. Re1 Qc3 46. Qe2 Rb2
47. Qe3 Qc2 48. Qf3 Qd2 49. Rf1 Rc2 50. Kh1 Rc3 51. Qd1 Qxd1 52. Rxd1 Re3 53.
Rd4 g4 54. hxg4 Kg5 55. Kh2 Kf4 0-1

[Event "Sparkassen-Open A"]
[Site "Heusenstamm, Martinsee"]
[Date "2022.11.19"]
[Round "4.10"]
[White "Solonar, Stefan"]
[Black "Ochs, Daniel Elias"]
[Result "0-1"]
[WhiteElo "2282"]
[BlackElo "2107"]
[PlyCount "68"]
[EventDate "2022.??.??"]
[WhiteTeam "SC Heusenstamm"]
[BlackTeam "Wiesbadener SV 1885"]

1. Nf3 f5 2. e4 fxe4 3. Ng5 Nf6 4. d3 e5 5. dxe4 h6 6. Nf3 Nc6 7. Bc4 Bc5 8.
O-O d6 9. h3 Na5 10. Bb5+ Bd7 11. Bxd7+ Qxd7 12. c3 Bb6 13. b4 Nc6 14. Nbd2 g5
15. Nh2 O-O-O 16. Qe2 d5 17. exd5 Nxd5 18. Ne4 Nf4 19. Bxf4 exf4 20. a4 a5 21.
Nc5 Qf5 22. Qb5 axb4 23. cxb4 Nd4 24. Qc4 Qd5 25. Qxd5 Rxd5 26. Ne4 Nc2 27.
Rac1 Nxb4 28. Nf3 Rhd8 29. Rc4 Nd3 30. Rb1 Nxf2 31. Rxb6 Nxe4 32. Rxh6 Rd1+ 33.
Kh2 Ng3 34. Ng1 Rxg1 0-1

[Event "Sparkassen-Open A"]
[Site "Heusenstamm, Martinsee"]
[Date "2022.11.19"]
[Round "4.11"]
[White "Poysti, Nathanael"]
[Black "Kersten, Uwe"]
[Result "1/2-1/2"]
[WhiteElo "2087"]
[BlackElo "2256"]
[PlyCount "75"]
[EventDate "2022.??.??"]
[WhiteTeam "Ottakring"]
[BlackTeam "Sfr.Bad Emstal/Wolfhagen"]

1. c4 e6 2. Nc3 d5 3. d4 c5 4. e3 Nf6 5. Nf3 a6 6. dxc5 Bxc5 7. a3 dxc4 8.
Qxd8+ Kxd8 9. Bxc4 b5 10. Be2 Bb7 11. b4 Bd6 12. Bb2 Ke7 13. O-O Nbd7 14. Rfd1
Rac8 15. Nd2 Nb6 16. Nb3 Nfd7 17. Na5 Ba8 18. f4 Rhg8 19. Kf2 g5 20. g3 Nf6 21.
Bf3 Bxf3 22. Kxf3 g4+ 23. Ke2 Nfd5 24. Rac1 f5 25. Nxd5+ Nxd5 26. Kd3 Kd7 27.
Bd4 Rxc1 28. Rxc1 Rc8 29. Rxc8 Kxc8 30. Be5 Bxe5 31. fxe5 Ne7 32. Kd4 Kc7 33.
Kc5 Ng6 34. Kd4 h5 35. Nb3 Ne7 36. Na5 Ng6 37. Nb3 Ne7 38. Na5 1/2-1/2

[Event "Sparkassen-Open A"]
[Site "Heusenstamm, Martinsee"]
[Date "2022.11.19"]
[Round "4.12"]
[White "Podat, Vladimir"]
[Black "Eurich, Jannik"]
[Result "1-0"]
[WhiteElo "2255"]
[BlackElo "1992"]
[PlyCount "120"]
[EventDate "2022.??.??"]
[WhiteTeam "SC Untergrombach 46"]
[BlackTeam "SK Langen"]

1. d4 d5 2. c4 c6 3. cxd5 cxd5 4. Nc3 Nf6 5. Bf4 Nc6 6. e3 a6 7. Be2 Bf5 8. Nf3
e6 9. Qb3 Na5 10. Qa4+ Nc6 11. Ne5 Qb6 12. O-O Be7 13. Nxc6 bxc6 14. Qb3 Qxb3
15. axb3 O-O 16. Na4 Nd7 17. g4 Bg6 18. Bc7 Rfc8 19. Ba5 f6 20. Rfc1 c5 21.
dxc5 Bxc5 22. b4 Bd6 23. Rc3 Rcb8 24. Rc6 Bxb4 25. Bxb4 Rxb4 26. Rxe6 Rxa4 27.
Rxa4 Nc5 28. Raxa6 Nxa6 29. Rxa6 Rb8 30. Bf3 Bf7 31. Ra5 h6 32. Bxd5 Bxd5 33.
Rxd5 Rxb2 34. Kg2 Kh7 35. h4 Ra2 36. Kg3 Ra7 37. h5 Kg8 38. Kf4 Kf7 39. Kf5 Rb7
40. f4 Ra7 41. e4 Rb7 42. e5 fxe5 43. fxe5 Rb6 44. Rd7+ Kf8 45. Rd6 Rb8 46. Kg6
Rb4 47. Kf5 Rb8 48. Rc6 Ra8 49. Kg6 Ra4 50. Rc8+ Ke7 51. Kxg7 Rxg4+ 52. Kxh6
Ke6 53. Rc5 Rg1 54. Kh7 Rg2 55. h6 Kf7 56. Rc6 Rg1 57. Rf6+ Ke7 58. Rg6 Rf1 59.
Ra6 Re1 60. Kg7 Rg1+ 1-0

[Event "Sparkassen-Open A"]
[Site "Heusenstamm, Martinsee"]
[Date "2022.11.19"]
[Round "4.13"]
[White "Schmidt, Markus"]
[Black "Alber, Horst"]
[Result "1-0"]
[WhiteElo "2099"]
[BlackElo "2249"]
[PlyCount "53"]
[EventDate "2022.??.??"]
[WhiteTeam "SK Niederbrechen 1948"]
[BlackTeam "SK Marburg 1931/72"]

1. e4 g6 2. d4 Bg7 3. Nc3 d6 4. Be3 c6 5. f4 b5 6. a3 a6 7. Nf3 Nf6 8. Bd3 Nbd7
9. h3 Nb6 10. O-O Qc7 11. Qe1 Nbd7 12. e5 Nd5 13. Nxd5 cxd5 14. b3 Nb6 15. Qg3
e6 16. Rae1 O-O 17. h4 h5 18. Qh3 f5 19. Bd2 a5 20. Qg3 Kh7 21. Ng5+ Kg8 22.
Nf3 Kh7 23. Bxb5 dxe5 24. fxe5 Bd7 25. Bd3 Rfe8 26. Ng5+ Kg8 27. Nh3 1-0

[Event "Sparkassen-Open A"]
[Site "Heusenstamm, Martinsee"]
[Date "2022.11.19"]
[Round "4.14"]
[White "Rosenberger, Frank"]
[Black "Heimrath, Reiner"]
[Result "1/2-1/2"]
[WhiteElo "2033"]
[BlackElo "2187"]
[PlyCount "107"]
[EventDate "2022.??.??"]
[WhiteTeam "SK 1980 Gernsheim"]
[BlackTeam "SC Noris-Tarrasch Nürnberg"]

1. e4 d6 2. d4 Nf6 3. Nc3 e5 4. Nf3 Nbd7 5. Bc4 Be7 6. O-O O-O 7. Re1 c6 8. a4
a5 9. h3 exd4 10. Nxd4 Nc5 11. Qf3 Nfd7 12. Bf4 Ne5 13. Bxe5 dxe5 14. Nf5 Bf6
15. Rad1 Qc7 16. Nh6+ Kh8 17. Nxf7+ Rxf7 18. Bxf7 Bxh3 19. Qxh3 Qxf7 20. Re3
Rf8 21. Rf3 Ne6 22. Qg3 Nf4 23. Qg4 h5 24. Qf5 Ne6 25. Rd6 Re8 26. Ne2 Kg8 27.
Rg3 h4 28. Rg6 Qe7 29. Rd3 Rf8 30. Qg4 Rf7 31. Rf3 Nf8 32. Rgxf6 Rxf6 33. Qxh4
Nh7 34. Rxf6 Nxf6 35. Ng3 Qd7 36. Nf5 Kf7 37. Qg5 g6 38. Nh4 Qd1+ 39. Kh2 Qg4
40. Qxg4 Nxg4+ 41. Kg3 Nf6 42. Kf3 Nd7 43. Ke3 Nc5 44. Nf3 Kf6 45. b3 b5 46.
Nd2 Ne6 47. g3 Kg5 48. f3 Nc5 49. axb5 cxb5 50. Nb1 a4 51. b4 Nb7 52. Na3 Nd6
53. Kd3 Kf6 54. c3 1/2-1/2

[Event "Sparkassen-Open A"]
[Site "Heusenstamm, Martinsee"]
[Date "2022.11.19"]
[Round "4.15"]
[White "Hebbering, Tom Elliot"]
[Black "Spriestersbach, Kai"]
[Result "1/2-1/2"]
[WhiteElo "2229"]
[BlackElo "2050"]
[PlyCount "114"]
[EventDate "2022.??.??"]
[WhiteTeam "SK 1980 Gernsheim"]
[BlackTeam "SV Erkenschwick"]

1. d4 Nf6 2. c4 g6 3. g3 Bg7 4. Bg2 O-O 5. Nc3 d6 6. Nf3 Nc6 7. O-O a6 8. b3
Rb8 9. d5 Na5 10. Bg5 h6 11. Bd2 c5 12. dxc6 Nxc6 13. Rc1 Be6 14. Ne1 Qd7 15.
Nd5 Kh7 16. Bc3 Ne5 17. f4 Neg4 18. Qd3 b5 19. h3 bxc4 20. bxc4 Nxd5 21. Bxg7
Nb4 22. Qd4 Rg8 23. hxg4 Rxg7 24. f5 gxf5 25. gxf5 Rxg3 26. fxe6 Qxe6 27. Qf4
Rg7 28. Qf5+ Qxf5 29. Rxf5 Nxa2 30. Rc2 Nb4 31. Rb2 Nc6 32. Rxb8 Nxb8 33. Kf2
Nd7 34. Be4 Kg8 35. Ra5 Nc5 36. Bf3 Rg5 37. Ra3 a5 38. Nd3 Nd7 39. Ke3 Ne5 40.
Nxe5 Rxe5+ 41. Kd3 Kg7 42. Rb3 Kf6 43. Rb5 Rc5 44. Kd4 Rg5 45. Kc3 Rc5 46. Kb3
Ke5 47. e3 f5 48. Rb7 e6 49. Re7 Kf6 50. Rh7 Re5 51. Rxh6+ Kg7 52. Rh3 Rxe3+
53. Kc2 Kf6 54. Kd2 Rb3 55. Rh6+ Ke5 56. Bc6 Rb6 57. Bd7 a4 1/2-1/2

[Event "Sparkassen-Open A"]
[Site "Heusenstamm, Martinsee"]
[Date "2022.11.19"]
[Round "4.16"]
[White "Kramer, Julian"]
[Black "Stork, Christopher"]
[Result "1-0"]
[WhiteElo "2461"]
[BlackElo "2021"]
[PlyCount "119"]
[EventDate "2022.??.??"]
[WhiteTeam "Hamburger SK von 1830"]
[BlackTeam "SV Oberursel"]

1. e4 c5 2. Nf3 e6 3. d4 cxd4 4. Nxd4 Nf6 5. Nc3 Nc6 6. a3 d6 7. h4 Be7 8. g4
Nxd4 9. Qxd4 e5 10. Qa4+ Bd7 11. Bb5 a6 12. Bxd7+ Qxd7 13. Qxd7+ Nxd7 14. Bd2
Rc8 15. O-O-O Nc5 16. Be3 Ne6 17. Nd5 Bd8 18. c3 O-O 19. Kd2 Re8 20. Ke2 h6 21.
Rdg1 Nf8 22. f3 Re6 23. Rd1 Nd7 24. g5 h5 25. Kd3 g6 26. Rhg1 Kg7 27. f4 exf4
28. Nxf4 Re8 29. Bd4+ Ne5+ 30. Ke3 Kg8 31. Bxe5 Rxe5 32. Kf3 Be7 33. Rg2 Bf8
34. Nd5 Kg7 35. Ke3 b5 36. Rf1 Rd8 37. Rgf2 Rd7 38. Kd3 Rb7 39. b4 Re8 40. a4
Ra8 41. Ra2 Rc8 42. axb5 axb5 43. Rfa1 Kh7 44. Ra7 Rcb8 45. Nf6+ Kg7 46. Rxb7
Rxb7 47. Ra8 Re7 48. Rb8 Ra7 49. Rxb5 Be7 50. Nd5 f6 51. Ra5 Rb7 52. Nxe7 Rxe7
53. gxf6+ Kxf6 54. Rd5 Ke6 55. Rg5 Kf6 56. b5 Rb7 57. Kd4 Rb8 58. c4 Rb7 59.
e5+ dxe5+ 60. Rxe5 1-0

[Event "Sparkassen-Open A"]
[Site "Heusenstamm, Martinsee"]
[Date "2022.11.19"]
[Round "4.17"]
[White "Glöckler, Christian"]
[Black "Krastev, Alexander"]
[Result "1/2-1/2"]
[WhiteElo "2051"]
[BlackElo "2422"]
[PlyCount "89"]
[EventDate "2022.??.??"]
[WhiteTeam "SC Lindenholzhausen"]
[BlackTeam "SG Solingen"]

1. c4 c5 2. Nc3 Nc6 3. g3 g6 4. Bg2 Bg7 5. e4 e6 6. Nge2 Nge7 7. d3 d6 8. a3
O-O 9. O-O b6 10. Rb1 Bb7 11. b4 Qd7 12. Be3 Nd4 13. Qd2 Nxe2+ 14. Nxe2 cxb4
15. axb4 d5 16. Bh6 Bxh6 17. Qxh6 dxe4 18. dxe4 Rfd8 19. Qg5 Nc6 20. b5 Nd4 21.
Nf4 Rac8 22. Rfd1 Rc5 23. e5 Bxg2 24. Kxg2 Qb7+ 25. Kh3 Qc7 26. Nd3 Rxc4 27.
Nf4 h6 28. Qf6 Rd7 29. Rd3 Rc3 30. Nxg6 fxg6 31. Qxg6+ Rg7 32. Qe8+ Kh7 33.
Rxd4 Qxe5 34. Rd8 Qf5+ 35. Kg2 Qe4+ 36. Kh3 Qg4+ 37. Kg2 Qe4+ 38. Kh3 Rf3 39.
Qh8+ Kg6 40. Rb2 Rgf7 41. Rd4 Qf5+ 42. Rg4+ Kh5 43. Qg8 Rf8 44. Qg7 Rf7 45. Qg8
1/2-1/2

[Event "Sparkassen-Open A"]
[Site "Heusenstamm, Martinsee"]
[Date "2022.11.19"]
[Round "4.18"]
[White "Minor, Viatcheslav"]
[Black "Hagner, Bennet"]
[Result "0-1"]
[WhiteElo "2025"]
[BlackElo "2336"]
[PlyCount "32"]
[EventDate "2022.??.??"]
[WhiteTeam "SV Eisenach"]
[BlackTeam "Frankfurter TV 1860"]

1. e4 e5 2. Bc4 Nf6 3. Nc3 Nc6 4. d3 Bc5 5. f4 O-O 6. f5 d5 7. Nxd5 Nxe4 8. Qh5
Nf6 9. Nxf6+ Qxf6 10. g4 Nd4 11. Bg5 Qc6 12. O-O-O Qxh1 13. Bh6 Qg2 14. Bd2 b5
15. Bb3 Nxb3+ 16. axb3 Bxg1 0-1

[Event "Sparkassen-Open A"]
[Site "Heusenstamm, Martinsee"]
[Date "2022.11.19"]
[Round "4.19"]
[White "Gallasch, Jonas"]
[Black "Hänselmann, Hendrik"]
[Result "1-0"]
[WhiteElo "2275"]
[BlackElo "2017"]
[PlyCount "81"]
[EventDate "2022.??.??"]
[WhiteTeam "SG Porz"]
[BlackTeam "Karlsruher SF"]

1. d4 Nf6 2. c4 g6 3. Nf3 Bg7 4. g3 d6 5. Bg2 O-O 6. O-O Nc6 7. Nc3 Bf5 8. d5
Na5 9. Nd2 c6 10. dxc6 Nxc6 11. Nb3 Rc8 12. c5 dxc5 13. Nxc5 b6 14. Nb3 Ne5 15.
Nd4 Bd7 16. e4 Nc4 17. Nc2 Qc7 18. Ne3 Nxe3 19. Bxe3 Bc6 20. Rc1 Qb7 21. f3
Rfd8 22. Qe2 b5 23. Rfd1 b4 24. Nb1 Bb5 25. Rxc8 Rxc8 26. Qd2 a5 27. e5 Nd7 28.
f4 Qa6 29. b3 Nf8 30. Rc1 Rxc1+ 31. Qxc1 Ne6 32. Bd5 h5 33. Nd2 a4 34. bxa4
Qxa4 35. Ne4 Bd3 36. Nf2 Bf5 37. Qc4 Kh7 38. Bd2 Qa7 39. Bxb4 Bh6 40. Bd2 Qc5
41. Bxe6 1-0

[Event "Sparkassen-Open A"]
[Site "Heusenstamm, Martinsee"]
[Date "2022.11.19"]
[Round "4.20"]
[White "von Auer, Ulrich"]
[Black "Klundt, Klaus"]
[Result "1/2-1/2"]
[WhiteElo "2025"]
[BlackElo "2273"]
[PlyCount "58"]
[EventDate "2022.??.??"]
[WhiteTeam "SV Oberursel"]
[BlackTeam "SC Heusenstamm"]

1. d4 Nf6 2. c4 e6 3. g3 d5 4. Bg2 Bb4+ 5. Bd2 Be7 6. Nf3 O-O 7. O-O c6 8. Bf4
Nbd7 9. Nc3 dxc4 10. e4 b5 11. d5 exd5 12. exd5 cxd5 13. Nxd5 Nxd5 14. Qxd5 Ba6
15. Nd4 Nb6 16. Qxd8 Raxd8 17. Nc6 Rd7 18. Nxe7+ Rxe7 19. Bd6 Re2 20. Bxf8 Kxf8
21. b4 Bc8 22. Rfe1 Rb2 23. Bc6 Be6 24. Bxb5 Rxb4 25. Rab1 Rxb1 26. Rxb1 Ke7
27. a4 Kd6 28. a5 Nc8 29. Kf1 Kc5 1/2-1/2

[Event "Sparkassen-Open A"]
[Site "Heusenstamm, Martinsee"]
[Date "2022.11.19"]
[Round "4.21"]
[White "Woestmann, Ulrich"]
[Black "Kleibel, Uwe"]
[Result "0-1"]
[WhiteElo "1991"]
[BlackElo "2238"]
[PlyCount "94"]
[EventDate "2022.??.??"]
[WhiteTeam "SV Ahlen 1954"]
[BlackTeam "SC Bavaria Regensburg von 1881"]

1. e4 c6 2. d4 d5 3. exd5 cxd5 4. Nf3 Nc6 5. c3 Qc7 6. h3 Bf5 7. Bd3 Bxd3 8.
Qxd3 e6 9. b4 Nxb4 10. Qe2 Nc6 11. O-O Nf6 12. c4 dxc4 13. Qxc4 Be7 14. Nc3 O-O
15. Be3 Rac8 16. Rfc1 Qa5 17. Bd2 Qh5 18. Qe2 Rfd8 19. Rab1 Bb4 20. Be3 Qa5 21.
Rb3 a6 22. Qc2 b5 23. a3 Bxa3 24. Ra1 b4 25. Qe2 Ne7 26. Nb1 Qd5 27. Qd1 Nc6
28. Nxa3 bxa3 29. Raxa3 a5 30. Qe2 Nb4 31. Bd2 Nc2 32. Rb5 Nxd4 33. Nxd4 Qxd4
34. Be3 Qd1+ 35. Qxd1 Rxd1+ 36. Kh2 Rd5 37. Rbxa5 Rxa5 38. Rxa5 Nd5 39. Bd4 h6
40. Ra7 Rc4 41. Ba1 f6 42. Kg3 e5 43. Bb2 h5 44. Rd7 h4+ 45. Kf3 e4+ 46. Ke2
Rc2+ 47. Ke1 Nf4 0-1

[Event "Sparkassen-Open A"]
[Site "Heusenstamm, Martinsee"]
[Date "2022.11.19"]
[Round "4.22"]
[White "Pauls, Wilhelm"]
[Black "Dolzhykova, Kateryna"]
[Result "0-1"]
[WhiteElo "2007"]
[BlackElo "2204"]
[PlyCount "46"]
[EventDate "2022.??.??"]
[WhiteTeam "SG Kaarst 1912/35"]
[BlackTeam "SV Oberursel"]

1. e4 c5 2. Nf3 d6 3. d4 cxd4 4. Nxd4 Nf6 5. Nc3 g6 6. Be3 Bg7 7. f3 a6 8. Bc4
b5 9. Bb3 Nbd7 10. O-O Nc5 11. Qd2 O-O 12. Kh1 Bd7 13. Nd5 a5 14. Nxf6+ Bxf6
15. Bd5 Rc8 16. c3 Qc7 17. Bg5 Bxg5 18. Qxg5 e6 19. Bb3 a4 20. Bc2 e5 21. Ne2
b4 22. cxb4 Ne6 23. Qf6 Qxc2 0-1

[Event "Sparkassen-Open A"]
[Site "Heusenstamm, Martinsee"]
[Date "2022.11.19"]
[Round "4.23"]
[White "Haack, Kevin"]
[Black "Simukov, Erik"]
[Result "1-0"]
[WhiteElo "2219"]
[BlackElo "2000"]
[PlyCount "89"]
[EventDate "2022.??.??"]
[WhiteTeam "SV 1920 Hofheim"]
[BlackTeam "SVG CAISSA Kassel"]

1. d4 d5 2. c4 e6 3. Nf3 Nf6 4. g3 Be7 5. Bg2 O-O 6. O-O c6 7. Nc3 Nbd7 8. Qd3
b6 9. e4 Ba6 10. b3 Rc8 11. e5 dxc4 12. bxc4 Nd5 13. a4 Nb4 14. Qe2 c5 15. Nb5
cxd4 16. Nfxd4 Nxe5 17. Nxe6 Qd3 18. Qxd3 Nbxd3 19. Nxf8 Bxf8 20. Ba3 Nxc4 21.
Bxf8 Kxf8 22. Rfd1 Nc5 23. Nxa7 Rb8 24. Nc6 Re8 25. Nb4 Bb7 26. Bxb7 Nxb7 27.
Nd5 Re6 28. Rac1 Nba5 29. Nf4 Re8 30. Rd4 Ne5 31. Rdd1 Nac4 32. Kg2 Nb2 33. Rd4
g5 34. Rc2 Nbc4 35. Nd3 Nxd3 36. Rxd3 Re4 37. f3 Re3 38. Rd8+ Ke7 39. Rb8 Ne5
40. Rxb6 Nxf3 41. Ra2 g4 42. a5 Ne5 43. a6 Rf3 44. a7 Nc4 45. Rb7+ 1-0